Kraje z których pochodzą zwycięscy F1 - Statystyki

Ogólne statystyki
  • Ten quiz został rozwiązany 62 razy
  • Średni wynik to 13 z 15
Statystyki odpowiedzi
Liczba zwycięstw Kraj % Poprawnych
12 Niemcy
98%
20 Wielka Brytania
98%
4 Francja
97%
4 Holandia
93%
3 Włochy
93%
8 Brazylia
92%
2 Hiszpania
92%
2 Stany Zjednoczone
92%
4 Australia
88%
5 Argentyna
83%
4 Austria
83%
1 Kanada
82%
4 Finlandia
78%
1 Nowa Zelandia
58%
1 Republika Południowej Afryki
45%
Nie znaleziono quizów pasujących do podanych kryteriów
Rozkład punktacji
Procent ludzi z każdym wynikiem
Percentyl według liczby udzielonych odpowiedzi
Twoja historia wyników
Nie rozwiązałeś tego quizu